000 00628nam a22002417a 4500
999 _c365537
_d365537
001 79220
003 UA-OsUOA
005 20191223095938.0
007 ta
008 20111104b un ||||| |||| 00| 0 ukr d
020 _a5-7027-0152-6
040 _aUA-OsUOA
_brus
_cUA-OsUOA
_dUA-OsUOA
041 _arus
080 _a821.161.1
090 _a821.161.1
_bБ87
100 _aБредфорд Б.Т.
245 _aГолос сердца
_nкн. 2
260 _aМ.
_bВагриус
_c1995
300 _a478 с.
650 7 _a82 Література. Літературознавство
_2UDC
942 _cBK
_2udc
955 _a3